| 000 | 00593nam a2200205Ia 4500 | ||
|---|---|---|---|
| 005 | 20250923144639.0 | ||
| 008 | 008 250917s9999 xx 000 0 eng d | ||
| 037 | _aTextual | ||
| 040 |
_aDSWL _beng _cDSWL |
||
| 041 |
_aeng _2eng |
||
| 084 |
_aLoaY31.73'N5, N56 _qDSWL |
||
| 100 |
_aTrussell, Roy E. _9826981 |
||
| 245 | 0 |
_aHunterdon medical centre _cby Roy E.Trussell |
|
| 260 |
_aNew York _bHarper & Brothers _c1956 |
||
| 300 | _axxiii,236p. | ||
| 365 |
_aUSD _b3.75 |
||
| 925 | _g3.75 | ||
| 942 |
_cTEXL _hLoaY31.73'N5, N56 |
||
| 999 |
_c1441598 _d1441598 |
||